International management : concepts and cases /
This book is about: An introduction to international companies and international anagement; Global economic developments and trends; Movement toward free trade and trade blocs; ...
Spremljeno u:
| Glavni autor: | |
|---|---|
| Format: | Knjiga |
| Jezik: | English |
| Izdano: |
Cincinnati, OH :
South-Western College,
1997.
|
| Teme: | |
| Oznake: |
Dodaj oznaku
Bez oznaka, Budi prvi tko označuje ovaj zapis!
|
| Thư viện lưu trữ: | Mạng thư viện Đại học Đà Nẵng |
|---|
| LEADER | 01184cam a2200373 i 4500 | ||
|---|---|---|---|
| 001 | 000049286 | ||
| 003 | 9025 | ||
| 005 | 20051111143020.0 | ||
| 008 | 010320b1997 vm 000 eng | ||
| 020 | |a 0538854154 | ||
| 040 | |a IRC |c IRC |d IRC | ||
| 041 | 0 | |a eng | |
| 082 | 1 | 4 | |a 658.049 |b PH-A |
| 100 | 1 | |a Phatak, Arvind V. | |
| 245 | 0 | 0 | |a International management : |b concepts and cases / |c Arvind V. Phatak. |
| 260 | |a Cincinnati, OH : |b South-Western College, |c 1997. | ||
| 300 | |a xxii, 522 p. : |b ill., maps ; |c 23cm. | ||
| 520 | 3 | |a This book is about: An introduction to international companies and international anagement; Global economic developments and trends; Movement toward free trade and trade blocs; ... | |
| 630 | 0 | 4 | |a Business. |
| 630 | 0 | 4 | |a Management. |
| 630 | 0 | 4 | |a Enterprises. |
| 650 | 0 | 4 | |a Industrial management. |
| 650 | 0 | 4 | |a Competition, International. |
| 650 | 0 | 4 | |a International business enterprises |x Management. |
| OWN | |a DUT | ||
| 999 | |a From the UDN01 | ||
| TYP | |a Monograph | ||
| TYP | |a Printed language | ||
| 980 | |a Mạng thư viện Đại học Đà Nẵng | ||


